<?xml version="1.0" encoding="UTF-8"?>
<collection xmlns="http://www.loc.gov/MARC21/slim">
 <record>
  <leader>03498cam a2200637 c 4500</leader>
  <controlfield tag="001">249950391</controlfield>
  <controlfield tag="003">DE-627</controlfield>
  <controlfield tag="005">20260311124809.0</controlfield>
  <controlfield tag="007">tu</controlfield>
  <controlfield tag="008">981009s1998    gw ||||| c    00| ||ger c</controlfield>
  <datafield tag="020" ind1=" " ind2=" ">
   <subfield code="a">3931664074</subfield>
   <subfield code="9">3-931664-07-4</subfield>
  </datafield>
  <datafield tag="035" ind1=" " ind2=" ">
   <subfield code="a">(DE-627)249950391</subfield>
  </datafield>
  <datafield tag="035" ind1=" " ind2=" ">
   <subfield code="a">(DE-576)070921105</subfield>
  </datafield>
  <datafield tag="035" ind1=" " ind2=" ">
   <subfield code="a">(DE-599)GBV249950391</subfield>
  </datafield>
  <datafield tag="035" ind1=" " ind2=" ">
   <subfield code="a">(OCoLC)246178361</subfield>
  </datafield>
  <datafield tag="035" ind1=" " ind2=" ">
   <subfield code="a">(OCoLC)1071036334</subfield>
  </datafield>
  <datafield tag="040" ind1=" " ind2=" ">
   <subfield code="a">DE-627</subfield>
   <subfield code="b">ger</subfield>
   <subfield code="c">DE-627</subfield>
   <subfield code="e">rakwb</subfield>
  </datafield>
  <datafield tag="041" ind1=" " ind2=" ">
   <subfield code="a">ger</subfield>
  </datafield>
  <datafield tag="044" ind1=" " ind2=" ">
   <subfield code="c">XA-DE</subfield>
  </datafield>
  <datafield tag="050" ind1=" " ind2="0">
   <subfield code="a">N7950.A3</subfield>
  </datafield>
  <datafield tag="084" ind1=" " ind2=" ">
   <subfield code="a">9,10</subfield>
   <subfield code="2">ssgn</subfield>
  </datafield>
  <datafield tag="084" ind1=" " ind2=" ">
   <subfield code="a">LK 11030</subfield>
   <subfield code="2">rvk</subfield>
   <subfield code="0">(DE-625)rvk/97539:</subfield>
  </datafield>
  <datafield tag="110" ind1="2" ind2=" ">
   <subfield code="a">Katholische Kirche</subfield>
   <subfield code="b">Erzdiözese Paderborn</subfield>
   <subfield code="0">(DE-588)1084588919</subfield>
   <subfield code="0">(DE-627)848545257</subfield>
   <subfield code="0">(DE-576)456329072</subfield>
   <subfield code="4">aut</subfield>
  </datafield>
  <datafield tag="245" ind1="1" ind2="0">
   <subfield code="a">&quot;Was Du ererbt von Deinen Vätern...&quot;</subfield>
   <subfield code="b">Kunstinventarisation im Erzbistum Paderborn</subfield>
   <subfield code="c">[Hrsg. Christoph Stiegemann. Konzeption: Ursula Pütz]</subfield>
  </datafield>
  <datafield tag="264" ind1=" " ind2="1">
   <subfield code="a">Paderborn</subfield>
   <subfield code="b">Erzbischöfliches Diözesanmuseum und Domschatzkammer</subfield>
   <subfield code="c">1998</subfield>
  </datafield>
  <datafield tag="300" ind1=" " ind2=" ">
   <subfield code="a">316 S</subfield>
   <subfield code="b">zahlr. Ill</subfield>
   <subfield code="c">27 cm</subfield>
  </datafield>
  <datafield tag="336" ind1=" " ind2=" ">
   <subfield code="a">Text</subfield>
   <subfield code="b">txt</subfield>
   <subfield code="2">rdacontent</subfield>
  </datafield>
  <datafield tag="337" ind1=" " ind2=" ">
   <subfield code="a">ohne Hilfsmittel zu benutzen</subfield>
   <subfield code="b">n</subfield>
   <subfield code="2">rdamedia</subfield>
  </datafield>
  <datafield tag="338" ind1=" " ind2=" ">
   <subfield code="a">Band</subfield>
   <subfield code="b">nc</subfield>
   <subfield code="2">rdacarrier</subfield>
  </datafield>
  <datafield tag="361" ind1="1" ind2=" ">
   <subfield code="5">DE-Hil6</subfield>
   <subfield code="y">4932793731</subfield>
   <subfield code="s">1 E c 6714</subfield>
   <subfield code="o">Vorbesitz</subfield>
   <subfield code="a">Tontsch, Monika</subfield>
   <subfield code="0">(DE-588)102787570X</subfield>
   <subfield code="0">(DE-627)729948773</subfield>
   <subfield code="0">(DE-576)165558385</subfield>
   <subfield code="k">2026-02-10</subfield>
  </datafield>
  <datafield tag="500" ind1=" " ind2=" ">
   <subfield code="a">Ausstellungskatalog</subfield>
  </datafield>
  <datafield tag="583" ind1="1" ind2=" ">
   <subfield code="a">Archivierung prüfen</subfield>
   <subfield code="c">20200919</subfield>
   <subfield code="f">DE-640</subfield>
   <subfield code="z">1</subfield>
   <subfield code="2">pdager</subfield>
  </datafield>
  <datafield tag="583" ind1="1" ind2=" ">
   <subfield code="a">Archivierung/Langzeitarchivierung gewährleistet</subfield>
   <subfield code="f">SSG</subfield>
   <subfield code="x">XA-DE-BW</subfield>
   <subfield code="2">pdager</subfield>
   <subfield code="5">DE-16</subfield>
  </datafield>
  <datafield tag="583" ind1="1" ind2=" ">
   <subfield code="a">Archivierung prüfen</subfield>
   <subfield code="c">20240324</subfield>
   <subfield code="f">DE-4165</subfield>
   <subfield code="z">1</subfield>
   <subfield code="2">pdager</subfield>
  </datafield>
  <datafield tag="653" ind1=" " ind2="0">
   <subfield code="a">a</subfield>
   <subfield code="a">Christian art and symbolism</subfield>
   <subfield code="a">Germany</subfield>
   <subfield code="a">Paderborn Region</subfield>
   <subfield code="a">Exhibitions</subfield>
  </datafield>
  <datafield tag="653" ind1=" " ind2="0">
   <subfield code="a">a</subfield>
   <subfield code="a">Catholic Church</subfield>
   <subfield code="a">Archdiocese of Paderborn (Germany)</subfield>
   <subfield code="a">Art collections</subfield>
   <subfield code="a">Exhibitions</subfield>
  </datafield>
  <datafield tag="655" ind1=" " ind2="7">
   <subfield code="a">Ausstellungskatalog</subfield>
   <subfield code="0">(DE-588)4135467-9</subfield>
   <subfield code="0">(DE-627)10566491X</subfield>
   <subfield code="0">(DE-576)209660988</subfield>
   <subfield code="2">gnd-content</subfield>
  </datafield>
  <datafield tag="689" ind1="0" ind2="0">
   <subfield code="d">b</subfield>
   <subfield code="0">(DE-588)1112633138</subfield>
   <subfield code="0">(DE-627)866703535</subfield>
   <subfield code="0">(DE-576)476700280</subfield>
   <subfield code="a">Katholische Kirche</subfield>
   <subfield code="b">Diözese Paderborn</subfield>
   <subfield code="2">gnd</subfield>
  </datafield>
  <datafield tag="689" ind1="0" ind2="1">
   <subfield code="d">s</subfield>
   <subfield code="0">(DE-588)4010109-5</subfield>
   <subfield code="0">(DE-627)106359770</subfield>
   <subfield code="0">(DE-576)20888596X</subfield>
   <subfield code="a">Christliche Kunst</subfield>
   <subfield code="2">gnd</subfield>
  </datafield>
  <datafield tag="689" ind1="0" ind2="2">
   <subfield code="d">s</subfield>
   <subfield code="0">(DE-588)4114043-6</subfield>
   <subfield code="0">(DE-627)104688688</subfield>
   <subfield code="0">(DE-576)209481455</subfield>
   <subfield code="a">Inventarisierung</subfield>
   <subfield code="2">gnd</subfield>
  </datafield>
  <datafield tag="689" ind1="0" ind2=" ">
   <subfield code="5">(DE-627)</subfield>
  </datafield>
  <datafield tag="700" ind1="1" ind2=" ">
   <subfield code="a">Stiegemann, Christoph</subfield>
   <subfield code="d">1954-</subfield>
   <subfield code="e">Hrsg.</subfield>
   <subfield code="0">(DE-588)111785936</subfield>
   <subfield code="0">(DE-627)516066935</subfield>
   <subfield code="0">(DE-576)165215011</subfield>
   <subfield code="4">edt</subfield>
  </datafield>
  <datafield tag="700" ind1="1" ind2=" ">
   <subfield code="a">Pütz, Ursula</subfield>
   <subfield code="e">Kat.</subfield>
   <subfield code="4">oth</subfield>
  </datafield>
  <datafield tag="700" ind1="1" ind2=" ">
   <subfield code="a">Hauser, Ulrike</subfield>
   <subfield code="4">oth</subfield>
  </datafield>
  <datafield tag="710" ind1="2" ind2=" ">
   <subfield code="a">Diözesanmuseum Paderborn</subfield>
   <subfield code="0">(DE-588)2040904-7</subfield>
   <subfield code="0">(DE-627)102728798</subfield>
   <subfield code="0">(DE-576)191909521</subfield>
   <subfield code="4">oth</subfield>
  </datafield>
  <datafield tag="787" ind1="0" ind2="8">
   <subfield code="i">Rezensiert in</subfield>
   <subfield code="a">Krüger, Jürgen, 1950 - </subfield>
   <subfield code="t">[Rezension von: Stiegemann, Christoph (Hrsg.), „Was Du ererbt von Deinen Vätern...&quot; Kunstinventarisation im Erzbistum Paderborn]</subfield>
   <subfield code="d">1999</subfield>
   <subfield code="w">(DE-627)1547018925</subfield>
   <subfield code="w">(DE-576)477018920</subfield>
  </datafield>
  <datafield tag="889" ind1=" " ind2=" ">
   <subfield code="w">(DE-627)280240104</subfield>
  </datafield>
  <datafield tag="889" ind1=" " ind2=" ">
   <subfield code="w">(DE-627)301259305</subfield>
  </datafield>
  <datafield tag="935" ind1=" " ind2=" ">
   <subfield code="i">Blocktest</subfield>
  </datafield>
  <datafield tag="936" ind1="r" ind2="v">
   <subfield code="a">LK 11030</subfield>
   <subfield code="b">Ehemalige und derzeitige Verwaltungseinheiten (z.B. kirchliche), die sich in bestehende administrative Gebiete nicht einordnen lassen. Sonstige Gebiete</subfield>
   <subfield code="k">Kunstgeschichte</subfield>
   <subfield code="k">Kunst nach Ländern bzw. Kontinenten</subfield>
   <subfield code="k">Deutschland</subfield>
   <subfield code="k">Kunsttopografie Deutschlands</subfield>
   <subfield code="k">Ehemalige und derzeitige Verwaltungseinheiten (z.B. kirchliche), die sich in bestehende administrative Gebiete nicht einordnen lassen. Sonstige Gebiete</subfield>
   <subfield code="0">(DE-627)1271167344</subfield>
   <subfield code="0">(DE-625)rvk/97539:</subfield>
   <subfield code="0">(DE-576)201167344</subfield>
  </datafield>
  <datafield tag="951" ind1=" " ind2=" ">
   <subfield code="a">BO</subfield>
  </datafield>
  <datafield tag="990" ind1=" " ind2=" ">
   <subfield code="a">Katholische Kirche / Diözese Paderborn</subfield>
  </datafield>
  <datafield tag="990" ind1=" " ind2=" ">
   <subfield code="a">Christliche Kunst</subfield>
  </datafield>
  <datafield tag="990" ind1=" " ind2=" ">
   <subfield code="a">Inventarisierung</subfield>
  </datafield>
  <datafield tag="991" ind1=" " ind2=" ">
   <subfield code="a">Rezensiertes Werk</subfield>
  </datafield>
  <datafield tag="999" ind1=" " ind2=" ">
   <subfield code="a">KXP-PPN249950391</subfield>
   <subfield code="e">4026441644</subfield>
  </datafield>
 </record>
</collection>
